000 00641nam a2200181 i 4500
001 73659
003 ES-MaACL
005 20230906171902.0
007 t|
008 040909s1968 sp ||||1| spa d
100 1 _aGómez-Menor Ortega, Juan.
_958044
245 1 0 _aEstudio de la faunula de Homopteros Sternorrhyncha de la provincia de Toledo /
_cpor Juan Gómez-Menor Ortega.
260 _aMadrid :
_bUniversidad de Madrid,
_c1968.
300 _a92 p. :
_bil. ;
_c22 cm.
500 _aPrecede al tít.: Departamento de Zoología.
710 0 0 _aUniversidad de Madrid.
_bFacultad de Ciencias.
_97210
852 _aES-MaACL
_jC-47413
_bR.67998
999 _c73659
_d73659